<The> Power of media in politics or the politics' influence on media

Guardado en:
Detalles Bibliográficos
Autor principal: Goda, Samuel
Formato: Capítulo de libro
Lenguaje:inglés
Materias:
Etiquetas: Agregar Etiqueta
Sin Etiquetas, Sea el primero en etiquetar este registro!

MARC

LEADER 00000naa a2200000 4500
001 0214718
005 20240502073604.9
041 0 |a eng 
044 |a SK 
245 1 0 |a <The> Power of media in politics or the politics' influence on media  |c Samuel Goda 
610 2 0 |a recenzie 
610 2 0 |a politika 
610 2 0 |a médiá 
610 2 0 |a demokracia 
100 1 |a Goda, Samuel